[Event "ENG-ch Chessable"]
[Site "Kenilworth"]
[Date "2022.05.19"]
[Round "1"]
[White "Hackner, Oskar A"]
[Black "Zheng, Harry Z"]
[Result "1-0"]
[WhiteElo "2177"]
[BlackElo "1915"]
[PlyCount "51"]
[EventDate "2022.05.19"]
[EventType "swiss"]
[EventRounds "7"]
[EventCountry "ENG"]
[SourceTitle "CBM 208 Extra"]
[Source "ChessBase"]
[SourceDate "2022.07.31"]
[SourceVersion "1"]
[SourceVersionDate "2022.07.31"]
[SourceQuality "1"]

1. d4 Nf6 2. c4 e6 3. g3 d5 4. Nf3 Be7 5. Bg2 0-0 6. 0-0 dxc4 7. Ne5 Nc6 8. Bxc6 bxc6 9. Nxc6 Qe8 10. Nxe7+ Qxe7 11. Qc2 e5 12. dxe5 Qxe5 13. Bf4 Qc5 14. Nd2 Bh3 15. Rfe1 g5 16. Be3 Qd5 17. f3 Ng4 18. Nxc4 Rfe8 19. Rad1 Nxe3 20. Nxe3 Qe5 21. Rd3 Rad8 22. Red1 Rxd3 23. Rxd3 Bc8 24. Qc3 Ba6 25. Rd8 Qb5 26. Nf5 1-0

[Event "GBR-ch 102nd"]
[Site "Coventry"]
[Date "2015.08.06"]
[Round "10"]
[White "Grieve, Harry"]
[Black "Hackner, Oskar A"]
[Result "0-1"]
[WhiteElo "1899"]
[BlackElo "2162"]
[PlyCount "50"]
[EventDate "2015.07.27"]
[EventType "swiss"]
[EventRounds "11"]
[EventCountry "ENG"]
[SourceTitle "CBM 167 Extra"]
[Source "ChessBase"]
[SourceDate "2015.09.14"]
[SourceVersion "1"]
[SourceVersionDate "2015.09.14"]
[SourceQuality "1"]

1. e4 e6 2. d4 d5 3. Nc3 Nf6 4. e5 Nfd7 5. Nce2 c5 6. c3 Nc6 7. f4 cxd4 8. Nxd4 Nc5 9. Ngf3 f5 10. Bb5 Bd7 11. g4 fxg4 12. Bxc6 bxc6 13. Ng5 Be7 14. Qxg4 Bxg5 15. Qxg5 Qxg5 16. fxg5 Nd3+ 17. Kd2 Nxe5 18. Re1 Nc4+ 19. Kc2 0-0 20. b3 Rf2+ 21. Kd3 Nd6 22. Nxe6 Rf3+ 23. Ke2 Rxc3 24. Bd2 Rh3 25. Kd1 Ne4 0-1

[Event "Warwick County-ch"]
[Site "Warwick"]
[Date "2015.07.04"]
[Round "1.6"]
[White "Hackner, Oskar A"]
[Black "Spink, Benjamin M"]
[Result "1-0"]
[WhiteElo "2162"]
[BlackElo "2059"]
[PlyCount "87"]
[EventDate "2015.07.04"]
[EventType "team-match"]
[EventRounds "1"]
[EventCountry "ENG"]
[SourceTitle "CBM 167 Extra"]
[Source "ChessBase"]
[SourceDate "2015.09.14"]
[SourceVersion "1"]
[SourceVersionDate "2015.09.14"]
[SourceQuality "1"]
[WhiteTeam "Yorkshire"]
[BlackTeam "Kent"]
[WhiteTeamCountry "ENG"]
[BlackTeamCountry "ENG"]

1. d4 d5 2. c4 dxc4 3. e4 Nc6 4. Nf3 Bg4 5. Bxc4 e6 6. d5 exd5 7. Bxd5 Qf6 8. Qa4 Bb4+ 9. Bd2 Bxd2+ 10. Nbxd2 Nge7 11. e5 Qg6 12. Be4 Qh5 13. 0-0 0-0 14. Rfe1 Rfd8 15. Rac1 a6 16. Nb3 Bxf3 17. Bxf3 Qh6 18. Qa3 Nd5 19. e6 fxe6 20. Nc5 Nd4 21. Bg4 Nf4 22. Qe3 b6 23. Nxe6 Ndxe6 24. Bxe6+ Nxe6 25. Qxh6 gxh6 26. Rxe6 Rd2 27. h4 Rf8 28. Rxc7 Rfxf2 29. Re8+ Rf8 30. Rxf8+ Kxf8 31. Rxh7 Rxb2 32. Rxh6 Kg7 33. Rc6 a5 34. a4 Rb4 35. g3 Rxa4 36. Rxb6 Ra2 37. Ra6 Kh7 38. h5 Kg7 39. g4 Ra4 40. Rg6+ Kh7 41. Kg2 Ra3 42. Ra6 Kg7 43. g5 Kf7 44. h6 1-0

[Event "Hastings Masters op 90th"]
[Site "Hastings"]
[Date "2015.01.04"]
[Round "8"]
[White "Hackner, Oskar A"]
[Black "Eames, Robert"]
[Result "1-0"]
[WhiteElo "2145"]
[BlackElo "2237"]
[PlyCount "273"]
[EventDate "2014.12.29"]
[EventType "swiss"]
[EventRounds "9"]
[EventCountry "ENG"]
[SourceTitle "CBM 164 Extra"]
[Source "ChessBase"]
[SourceDate "2015.03.02"]
[SourceVersion "1"]
[SourceVersionDate "2015.03.02"]
[SourceQuality "1"]

1. d4 f5 2. Bg5 h6 3. Bh4 g5 4. e3 Nf6 5. Bg3 d6 6. h4 Rg8 7. hxg5 hxg5 8. Bc4 e6 9. Nd2 Qe7 10. Ne2 Nc6 11. c3 Bd7 12. b4 0-0-0 13. Qa4 a6 14. Qc2 Bg7 15. a4 Rh8 16. Rg1 e5 17. b5 axb5 18. axb5 Nb8 19. dxe5 dxe5 20. f3 f4 21. Bf2 e4 22. Nxe4 Nxe4 23. Qxe4 Qf6 24. Bd5 c6 25. bxc6 Bxc6 26. Qe6+ Kc7 27. Qxf6 Bxf6 28. Bxc6 Nxc6 29. e4 Rd3 30. Rc1 Ra8 31. Bd4 Be5 32. Kf2 Ra2 33. Rgd1 Rdd2 34. Rxd2 Rxd2 35. Ke1 Ra2 36. Rd1 Bd6 37. Bb6+ Kxb6 38. Rxd6 Ra5 39. Nd4 Ra1+ 40. Kf2 Ra2+ 41. Kg1 Ra5 42. Rg6 Rc5 43. Kf2 Rxc3 44. Nxc6 bxc6 45. Rxg5 c5 46. Rg4 Rc2+ 47. Kf1 c4 48. Rxf4 Kc5 49. e5 Rc1+ 50. Kf2 Rc2+ 51. Ke3 Rxg2 52. Rf8 Kd5 53. Kf4 c3 54. Rd8+ Kc4 55. Rc8+ Kd3 56. e6 Re2 57. Kf5 c2 58. f4 Re1 59. Kf6 Re4 60. f5 Rc4 61. Rxc4 Kxc4 62. e7 c1Q 63. e8Q Qh6+ 64. Qg6 Qh8+ 65. Kf7 Kc5 66. f6 Kd6 67. Qf5 Kc6 68. Ke7 Qh4 69. Qd7+ Kc5 70. Qd6+ Kc4 71. Ke8 Qe4+ 72. Qe7 Qc6+ 73. Kf8 Qc8+ 74. Kf7 Kd5 75. Qe8 Qc7+ 76. Kf8 Qd6+ 77. Kg7 Qg3+ 78. Qg6 Qe5 79. Qg2+ Kd6 80. Kg6 Qe6 81. Qd2+ Kc7 82. Qf4+ Kd8 83. Kg7 Qe2 84. Qd6+ Kc8 85. f7 Qg4+ 86. Qg6 Qd4+ 87. Kh7 Qd7 88. Qa6+ Kb8 89. Qc4 Qh3+ 90. Kg7 Qg3+ 91. Kf8 Qd6+ 92. Ke8 Qe5+ 93. Kd7 Qf5+ 94. Qe6 Qb5+ 95. Ke7 Qg5+ 96. Ke8 Qb5+ 97. Kf8 Qc5+ 98. Qe7 Qf5 99. Qd6+ Kc8 100. Qc6+ Kb8 101. Ke7 Qe5+ 102. Qe6 Qg5+ 103. Qf6 Qe3+ 104. Kd7 Qa7+ 105. Ke6 Qb6+ 106. Kf5 Qb1+ 107. Kg5 Qg1+ 108. Kh6 Qh2+ 109. Kg6 Qg3+ 110. Qg5 Qd6+ 111. Kh7 Qd3+ 112. Kg8 Qc4 113. Qd8+ Kb7 114. Kf8 Qg4 115. Ke8 Qh5 116. Qd7+ Kb8 117. Qd6+ Kc8 118. Qc6+ Kb8 119. Ke7 Qe5+ 120. Qe6 Qg5+ 121. Kd6 Qd2+ 122. Qd5 Qf4+ 123. Kc6 Qc7+ 124. Kb5 Qe7 125. Qb3 Kc7 126. Qc3+ Kd7 127. Qc6+ Kd8 128. Qa8+ Kd7 129. f8Q Qe2+ 130. Kc5 Qe3+ 131. Kd5 Qd3+ 132. Ke5 Qc3+ 133. Kf5 Qh3+ 134. Kg6 Qg4+ 135. Kh7 Qh5+ 136. Kg8 Qh8+ 137. Kxh8 1-0

[Event "Wch U18"]
[Site "Durban"]
[Date "2014.09.25"]
[Round "7"]
[White "Nilsen, Martin"]
[Black "Hackner, Oskar A"]
[Result "0-1"]
[WhiteElo "2003"]
[BlackElo "2102"]
[PlyCount "74"]
[EventDate "2014.09.20"]
[EventType "swiss"]
[EventRounds "11"]
[EventCountry "RSA"]
[SourceTitle "CBM 162 Extra"]
[Source "ChessBase"]
[SourceDate "2014.10.17"]
[SourceVersion "1"]
[SourceVersionDate "2014.10.17"]
[SourceQuality "1"]

1. e4 e6 2. d4 d5 3. Nc3 Nf6 4. Bg5 Be7 5. e5 Nfd7 6. h4 Nc6 7. Nf3 f6 8. exf6 Nxf6 9. Bd3 0-0 10. a3 h6 11. Bd2 Nh5 12. Ng5 Nf4 13. Bxf4 Rxf4 14. Qh5 Bxg5 15. hxg5 Qxg5 16. Qe8+ Rf8 17. Bh7+ Kxh7 18. Qxf8 Nxd4 19. 0-0 Bd7 20. f4 Qxg2+ 21. Kxg2 Rxf8 22. Rf2 c5 23. Rc1 Bc6 24. Re1 Rf6 25. Re5 Kg6 26. Nd1 Nf5 27. Kh2 Kf7 28. Ne3 Nxe3 29. Rxe3 g5 30. Kg3 Rf5 31. fxg5 hxg5 32. Rh2 d4 33. Re1 e5 34. Kg4 Ke6 35. Rh6+ Rf6 36. Rh8 Rf2 37. Rc1 Rg2+ 0-1

[Event "Wch U18"]
[Site "Durban"]
[Date "2014.09.22"]
[Round "4"]
[White "Hackner, Oskar A"]
[Black "Andriamalala, Fanomezana"]
[Result "1-0"]
[WhiteElo "2102"]
[BlackElo "1876"]
[PlyCount "83"]
[EventDate "2014.09.20"]
[EventType "swiss"]
[EventRounds "11"]
[EventCountry "RSA"]
[SourceTitle "CBM 162 Extra"]
[Source "ChessBase"]
[SourceDate "2014.10.17"]
[SourceVersion "1"]
[SourceVersionDate "2014.10.17"]
[SourceQuality "1"]

1. d4 d5 2. c4 c6 3. Nc3 Nf6 4. e3 e6 5. Nf3 Nbd7 6. Bd2 Bb4 7. Bd3 0-0 8. 0-0 Re8 9. Qc2 e5 10. dxe5 Nxe5 11. Nxe5 Rxe5 12. cxd5 cxd5 13. Ne2 Bxd2 14. Qxd2 Ng4 15. h3 Nf6 16. Bc2 Bd7 17. Qd4 Re8 18. Nf4 Bb5 19. Rfd1 Rc8 20. Bb3 Bc4 21. Bxc4 dxc4 22. Qxa7 Qc7 23. a3 Qc6 24. Qd4 Qb5 25. Rac1 Re4 26. Qc3 h6 27. Rd4 Ree8 28. Rcd1 Qa4 29. f3 Qc6 30. e4 Qb6 31. Kh1 Qc5 32. Ne2 Kh7 33. Ng3 Re6 34. Nf5 Ne8 35. Rd5 Qf2 36. R5d2 Qc5 37. Rd7 Rc7 38. R1d5 Qb6 39. Rxc7 Qxc7 40. Qd4 Nf6 41. Rc5 Qb6 42. Rxc4 1-0

[Event "Wch U18"]
[Site "Durban"]
[Date "2014.09.20"]
[Round "1"]
[White "Alekseenko, Kirill"]
[Black "Hackner, Oskar A"]
[Result "1-0"]
[WhiteElo "2483"]
[BlackElo "2102"]
[PlyCount "73"]
[EventDate "2014.09.20"]
[EventType "swiss"]
[EventRounds "11"]
[EventCountry "RSA"]
[SourceTitle "CBM 162 Extra"]
[Source "ChessBase"]
[SourceDate "2014.10.17"]
[SourceVersion "1"]
[SourceVersionDate "2014.10.17"]
[SourceQuality "1"]

1. e4 e6 2. d4 d5 3. Nd2 Nf6 4. e5 Nfd7 5. f4 c5 6. c3 Nc6 7. Ndf3 cxd4 8. cxd4 f5 9. Bd3 Be7 10. Ne2 0-0 11. 0-0 Nb6 12. a3 a5 13. b3 Bd7 14. Nc3 Be8 15. Be3 Bh5 16. h3 Rc8 17. Na4 Nxa4 18. bxa4 Bxf3 19. Rxf3 Qb6 20. Bf1 Bd8 21. Bf2 Qa7 22. Qd2 Bb6 23. Rd1 Rf7 24. Rb3 h6 25. Kh1 Bd8 26. g4 Ne7 27. Bd3 b6 28. Rg1 Kh8 29. Be3 Qd7 30. Bb5 Qc7 31. Ba6 Ra8 32. Rc3 Qa7 33. Bd3 Rc8 34. Rxc8 Nxc8 35. gxf5 exf5 36. Qg2 Ne7 37. e6 1-0

[Event "GBR-ch 101st"]
[Site "Aberystwyth"]
[Date "2014.07.23"]
[Round "5"]
[White "Hackner, Oskar A"]
[Black "Davis, Lee"]
[Result "1/2-1/2"]
[WhiteElo "2108"]
[BlackElo "1978"]
[PlyCount "62"]
[EventDate "2014.07.19"]
[EventType "swiss"]
[EventRounds "11"]
[EventCountry "WLS"]
[SourceTitle "CBM 161 Extra"]
[Source "ChessBase"]
[SourceDate "2014.08.29"]
[SourceVersion "1"]
[SourceVersionDate "2014.08.29"]
[SourceQuality "1"]

1. d4 Nf6 2. c4 e6 3. Nc3 Bb4 4. f3 d5 5. a3 Bxc3+ 6. bxc3 c5 7. cxd5 Nxd5 8. dxc5 Qa5 9. e4 Ne7 10. Be3 0-0 11. Qb3 Qc7 12. Nh3 Nd7 13. Qb5 Nc6 14. Nf2 a6 15. Qb2 Na5 16. Qb4 Nc6 17. Qb1 Qa5 18. Nd3 Qxc3+ 19. Kf2 Nde5 20. Nxe5 Nxe5 21. Qd1 Qa5 22. Be2 Rd8 23. Qb3 Bd7 24. f4 Ng6 25. h4 Bc6 26. h5 Nf8 27. Bf3 Nd7 28. Rac1 Nf6 29. Rc4 Bb5 30. Qb4 Qxb4 31. Rxb4 Bc6 1/2-1/2

[Event "BCF-chT2d 1314 (4NCL)"]
[Site "England"]
[Date "2014.05.04"]
[Round "10.72"]
[White "Swanson, Stephen"]
[Black "Hackner, Oskar A"]
[Result "1-0"]
[WhiteElo "2224"]
[BlackElo "2119"]
[PlyCount "99"]
[EventDate "2013.11.16"]
[EventType "team-tourn"]
[EventRounds "11"]
[EventCountry "ENG"]
[SourceTitle "EXT 2015"]
[Source "ChessBase"]
[SourceDate "2014.11.20"]
[SourceVersion "1"]
[SourceVersionDate "2014.11.20"]
[SourceQuality "1"]
[WhiteTeam "Poisoned Pawns"]
[BlackTeam "Bradford DCA Knights"]
[WhiteTeamCountry "ENG"]
[BlackTeamCountry "ENG"]

1. e4 e6 2. d3 d5 3. Nd2 c5 4. g3 Nc6 5. Bg2 Nf6 6. f4 g6 7. e5 Nd7 8. Ndf3 Bg7 9. Nh3 f6 10. exf6 Bxf6 11. 0-0 0-0 12. c3 e5 13. fxe5 Ndxe5 14. Nxe5 Nxe5 15. Nf4 d4 16. c4 Rb8 17. h3 Bf5 18. g4 Bd7 19. Nd5 Bg7 20. Bf4 b5 21. Qe2 Re8 22. Rae1 bxc4 23. dxc4 d3 24. Qf2 Rxb2 25. Qxc5 Nc6 26. Ne3 d2 27. Qd5+ Kh8 28. Rd1 Nb4 29. Qf3 Ba4 30. Nd5 Bxd1 31. Qxd1 Bd4+ 32. Kh1 Nxd5 33. cxd5 Bc3 34. Qf3 Qf6 35. d6 Rf8 36. g5 Qg7 37. d7 Rbb8 38. Bxb8 Rxb8 39. Qd3 Ba5 40. Qd5 Qc3 41. Qe6 Rg8 42. Bd5 Qg7 43. Qxg8+ Qxg8 44. Bxg8 Kxg8 45. Rd1 Kf7 46. Rxd2 Ke7 47. Rd5 Bd8 48. Kg2 Ke6 49. Rd3 Kf5 50. Re3 1-0

[Event "BCF-chT2d 1314 (4NCL)"]
[Site "England"]
[Date "2014.05.03"]
[Round "9.62"]
[White "Hackner, Oskar A"]
[Black "Kett, Timothy"]
[Result "0-1"]
[WhiteElo "2119"]
[BlackElo "2240"]
[PlyCount "56"]
[EventDate "2013.11.16"]
[EventType "team-tourn"]
[EventRounds "11"]
[EventCountry "ENG"]
[SourceTitle "EXT 2015"]
[Source "ChessBase"]
[SourceDate "2014.11.20"]
[SourceVersion "1"]
[SourceVersionDate "2014.11.20"]
[SourceQuality "1"]
[WhiteTeam "Bradford DCA Knights"]
[BlackTeam "Rhyfelwyr Essyllwg"]
[WhiteTeamCountry "ENG"]
[BlackTeamCountry "ENG"]

1. d4 d6 2. e4 Nf6 3. f3 e5 4. d5 Be7 5. Be3 0-0 6. Bd3 c6 7. c4 b5 8. cxb5 cxd5 9. exd5 Nbd7 10. Nc3 Nb6 11. Qb3 Bb7 12. Be4 Nxe4 13. fxe4 Bh4+ 14. g3 Bg5 15. Bxg5 Qxg5 16. Nge2 f5 17. Qb4 Qe3 18. Qxd6 fxe4 19. Qe6+ Kh8 20. Qxe5 Qf2+ 21. Kd1 Nxd5 22. Kc1 Nxc3 23. Nxc3 Rad8 24. Rd1 e3 25. Rxd8 Rxd8 26. Qe7 Qd2+ 27. Kb1 e2 28. Nxe2 Qd3+ 0-1